| 000 | 00681cam a22002534a 4500 | ||
|---|---|---|---|
| 005 | 20250605164259.0 | ||
| 008 | 250528s ||||||||||||||||||||||||d | ||
| 035 | _a21986 | ||
| 020 | _a9780273646624 | ||
| 040 |
_aGR-AtMCL _bgre _dGR-AtMCL _eAACR2 |
||
| 245 | 1 | _aPRINCIPLES OF MARKETING | |
| 250 | _a3 | ||
| 260 |
_bPrentice Hall, _c2002 |
||
| 300 | _a854 | ||
| 505 | 0 | _aMARKETING PRICING STRATEGY PRODUCT PROMOTION | |
| 520 | _aMARKETING PRICING STRATEGY PRODUCT PROMOTION | ||
| 700 | 1 |
_aArmstrong Gary _92168 |
|
| 700 | 1 |
_aKotler Philip _91146 |
|
| 700 | 1 |
_aSaunders John _93510 |
|
| 700 | 1 |
_aWong Veronica _93511 |
|
| 942 | _cBK | ||
| 999 |
_c7042 _d7042 |
||